LEADER 03361nam 22005775 450 001 9910254877003321 005 20200629235901.0 010 $a981-10-1097-8 024 7 $a10.1007/978-981-10-1097-2 035 $a(CKB)3710000000667687 035 $a(DE-He213)978-981-10-1097-2 035 $a(MiAaPQ)EBC4528190 035 $a(EXLCZ)993710000000667687 100 $a20160512d2016 u| 0 101 0 $aeng 135 $aurnn|008mamaa 181 $ctxt$2rdacontent 182 $cc$2rdamedia 183 $acr$2rdacarrier 200 10$aConsumer Energy Conservation Behavior After Fukushima $eEvidence from Field Experiments /$fby Isamu Matsukawa 205 $a1st ed. 2016. 210 1$aSingapore :$cSpringer Singapore :$cImprint: Springer,$d2016. 215 $a1 online resource (X, 110 p. 18 illus., 7 illus. in color.) 225 1 $aSpringerBriefs in Economics,$x2191-5504 311 $a981-10-1096-X 320 $aIncludes bibliographical references at the end of each chapters. 330 $aThis book presents an in-depth empirical analysis of consumer response to alternative policies for energy conservation. Its main focus is on innovative policy instruments that have attracted increasing attention from academics and energy conservation practitioners alike: critical peak pricing, conservation requests, in-home displays, and home energy reports. The book investigates the effects of these policy instruments on residential demand for electricity. The data is drawn from a series of randomized field experiments for the years 2012?2013 in Japan, where serious concerns about power shortages have emerged in the wake of the nuclear disaster in Fukushima. By applying econometric techniques to the quantitative analysis of residential power consumption, the book demonstrates how consumers respond to innovative instruments for energy conservation. It also offers new perspectives on how these instruments can be used more effectively and explores the potential for their practical implementation. This highly informative book is essential reading for energy specialists in both academic and professional contexts. 410 0$aSpringerBriefs in Economics,$x2191-5504 606 $aNatural resources 606 $aEnergy policy 606 $aEnergy policy 606 $aEconomics$xPsychological aspects 606 $aNatural Resource and Energy Economics$3https://scigraph.springernature.com/ontologies/product-market-codes/W48010 606 $aEnergy Policy, Economics and Management$3https://scigraph.springernature.com/ontologies/product-market-codes/112000 606 $aBehavioral/Experimental Economics$3https://scigraph.springernature.com/ontologies/product-market-codes/W54000 615 0$aNatural resources. 615 0$aEnergy policy. 615 0$aEnergy policy. 615 0$aEconomics$xPsychological aspects. 615 14$aNatural Resource and Energy Economics. 615 24$aEnergy Policy, Economics and Management. 615 24$aBehavioral/Experimental Economics. 676 $a333.79 700 $aMatsukawa$b Isamu$4aut$4http://id.loc.gov/vocabulary/relators/aut$0941810 801 0$bMiAaPQ 801 1$bMiAaPQ 801 2$bMiAaPQ 906 $aBOOK 912 $a9910254877003321 996 $aConsumer Energy Conservation Behavior After Fukushima$92124919 997 $aUNINA